000 00521nam a22001577a 4500
999 _c535295
_d535295
020 _qHard Cover.
082 _a629.04
100 _aAli, Yasir
245 _aLaboratory characterization of asphalt concrete mixtures using dynamic modulus test /
_cYasir Ali.
260 _aIslamabad:
_bNIT NUST,
_c2014.
300 _a135 p. :
_bill. ;
_c30cm.
942 _2ddc
_cTHE
650 _aTransportation Engineering MS-Thesis.
_916276
700 _aDr Muhammad Irfan
_917128